Manuel D'Alzon al servicio de la iglesia: 1810-1880

Zapisane w:
Opis bibliograficzny
1. autor: Touveneraud, Pierre (Autor)
Format: Książka
Język:hiszpański
Wydane: Santiago Religiosos Asuncionistas 1980
Hasła przedmiotowe:
Etykiety: Dodaj etykietę
Nie ma etykietki, Dołącz pierwszą etykiete!

MARC

LEADER 00000cam a2200000 a 4500
001 UCD5393
003 CL-VaPUC
008 160908e19800000cl |||||||||||||||||spa|d
082 0 4 |a 922  |b TOU  |2 21 
100 0 |a Touveneraud, Pierre  |e author  |9 589143 
245 1 0 |a Manuel D'Alzon al servicio de la iglesia: 1810-1880 
300 |a 63 p 
942 |c BK 
945 |d 20160908 17:07:00  |a cmena 
260 |a Santiago  |b Religiosos Asuncionistas  |c 1980 
600 0 7 |a D'ALZON, MANUEL  |2 CL-VaPUC  |9 478081 
650 0 |a Biografías  |9 255210 
650 7 |a RELIGIOSOS  |2 CL-VaPUC  |9 352012 
583 |a last modification  |c 20160908 17:07:00  |k Rodrigo Vera 
999 |c 366065  |d 366063 
952 |0 0  |1 0  |3 erb  |4 0  |6 922_000000000000000_TOU_1980  |7 0  |8 X  |9 480093  |a FDOBUD  |b FDOBUD  |i 1076272  |o 922 TOU 1980  |p 1076272  |r 2019-11-24  |w 2019-11-24  |y BK_X  |z Catalogado en:20160908  |k BUD